000 01714nam a2200325 i 4500
003 EG-GICUC
005 20260121101727.0
008 260114s2007 ua ||||fr|||| 00| 0 ara d
017 _a٢٠٠٧/١٥١٥
040 _a EG-GICUC
_bara
_c EG-GICUC
_d EG-GICUC
_erda
041 0 _aara
082 0 4 _221
_a345.455
_bس ع . ن
092 0 4 _221
099 _aLaw1 07 345.455 س ع . ن 2007
100 0 _aسعد نواف العنزي
_eمؤلف.
245 1 2 _aالنظام القانوني للموظف العام :
_bوفقا لأحدث التشريعات وأحكام القضاء وقرارات مجلس الخدمة المدنية /
_cدكتور سعد نواف العنزي.
264 1 _aالإسكندرية :
_bدار المطبوعات الجامعية،
_c2007.
300 _a359 صفحة؛
_c24 سم.
336 _2rda content
_atext
337 _2rda media
_aComputer
338 _2rda carrier
_aOnline Resource
505 _aالتعيين حقوق الموظف المرتب العلاوة البدلات الوظيفية الترقية الاجازات و البعثات الدراسية واجبات الموظف تقييم أداء الموظف النقل والندب والإعارة - تأديب الموظف العام - الاستقالة - الإحالة إلى التقاعد - الفصل من الخدمة.
546 _aالنص أغلبه باللغة العربية مع بعض النصوص الفرنسية
650 1 4 _aالنظام القانوني للعاملين بالقطاع العام
650 1 4 _aالقانون الإداري
651 1 _2qrmak
856 4 0 _uhttps://fll.law.cu.edu.eg/fulltext/bks/B07-02096.pdf
905 _a32
942 _2ddc
_cBK
_e21
_n0
999 _c57077
_d57077